00653nam a22002057a 4500999001900000010001500019020001000034035001400044037001500058082001000073100002000083245009100103260004900194270001400243300002000257650001200277700001600289942002400305952011800329 c192362d192362 aENG-135115 c80.00 aEN-118647 bDBAD / PUB a294.5 aRai,Lala Lajpat aPandit Guru Datta Vidyarthi:cby Lala Lajpat Rai;edited by Ram Prakashblife and work/ bDelhi Arya Pratinidhi Sabhac2012aNew Delhi bNew Delhi a166p.c22cm(Hb) aSikhism aRam Prakash 2ddccENmRAIh294.5 001040708NFICaBNbBNd2022-09-20eDBAD/PUBg80.00l0o294.5 RAIpEN-118647r2022-09-20 00:00:00t1v80.00yEN